000 00754nam a2200241 a 4500
001 660
003 BR-CuiBMT
005 20231113023124.0
008 230823s2013 rsb 001 0 por d
020 _a9788573488401
040 _aBR-CuiBMT
_cBR-CuiBMT
080 _a34:336.22
_22007
090 _a34:336.22
_bP332d
_c15 ed.
100 1 _aPaulsen, Leandro
245 1 0 _aDireito tributário :
_bconstituição e código tributário à luz da doutrina e da jurisprudência /
_cLeandro Paulsen.
250 _a15. ed.
260 _aPorto Alegre :
_bLivraria do Advogado,
_c2013.
300 _a1376 p. :
_c24 cm
504 _aInclui bibliografia e índice.
650 _aDireito tributário
_xLegislação
650 _aDireito financeiro
942 _2udc
_cLV
999 _c660
_d660